[Event "COL-ch U2300"]
[Site "Pereira"]
[Date "2019.03.22"]
[Round "3"]
[White "Castro, Alexander"]
[Black "Aponte Castillo, Jose Ernesto"]
[Result "0-1"]
[WhiteElo "2214"]
[BlackElo "2071"]
[PlyCount "31"]
[EventDate "2019.03.21"]
[EventType "swiss"]
[EventRounds "9"]
[EventCountry "COL"]
[SourceTitle "CBM 189 Extra"]
[Source "ChessBase"]
[SourceDate "2019.06.03"]
[SourceVersion "1"]
[SourceVersionDate "2019.06.03"]
[SourceQuality "1"]

1. d4 f5 2. Nf3 Nf6 3. c4 g6 4. g3 Bg7 5. Bg2 0-0 6. 0-0 d6 7. Nc3 Qe8 8. Qc2 c6 9. Re1 e5 10. dxe5 dxe5 11. e4 f4 12. b3 fxg3 13. hxg3 Ng4 14. Ba3 Rf7 15. Rad1 Na6 16. Re2 0-1

[Event "Medellin Flores op 20th"]
[Site "Medellin"]
[Date "2014.08.10"]
[Round "8"]
[White "Castro, Alexander"]
[Black "Guerrero Sierra, Juan Carlos"]
[Result "1-0"]
[WhiteElo "2134"]
[BlackElo "2217"]
[PlyCount "83"]
[EventDate "2014.08.06"]
[EventType "swiss"]
[EventRounds "9"]
[EventCountry "COL"]
[SourceTitle "CBM 162 Extra"]
[Source "ChessBase"]
[SourceDate "2014.10.17"]
[SourceVersion "1"]
[SourceVersionDate "2014.10.17"]
[SourceQuality "1"]

1. c4 Nf6 2. g3 g6 3. Bg2 Bg7 4. Nc3 0-0 5. Nf3 d5 6. d4 dxc4 7. Qa4 Nc6 8. Qxc4 Be6 9. Qa4 Nd5 10. 0-0 Nb6 11. Qd1 Nxd4 12. Nxd4 Bxd4 13. Bh6 Re8 14. Bxb7 Bh3 15. Re1 Nc4 16. Bd5 Bxc3 17. bxc3 Nb6 18. Bxa8 Qxa8 19. e4 Qc6 20. Qd4 f6 21. Be3 Kg7 22. f3 Nc4 23. Bf2 Ne5 24. Qe3 h5 25. Red1 Rb8 26. Rab1 Rxb1 27. Rxb1 Qc4 28. Rd1 Qxa2 29. f4 Qa4 30. Re1 Nc6 31. e5 fxe5 32. fxe5 Qc4 33. e6 a5 34. Qg5 Qxc3 35. Qf4 Qf6 36. Qe4 Qc3 37. Qf4 Qf6 38. Qe4 Qc3 39. Qh4 Bf5 40. Qf4 Bh3 41. Rc1 Qe5 42. Rxc6 1-0

[Event "COL-ch"]
[Site "Ibague"]
[Date "2013.07.05"]
[Round "8"]
[White "Castro, Alexander"]
[Black "Gallego Alcaraz, Andres Felipe"]
[Result "1/2-1/2"]
[WhiteElo "2142"]
[BlackElo "2414"]
[PlyCount "117"]
[EventDate "2013.07.01"]
[EventType "swiss"]
[EventRounds "11"]
[EventCountry "COL"]
[SourceTitle "EXT 2014"]
[Source "ChessBase"]
[SourceDate "2013.11.20"]
[SourceVersion "1"]
[SourceVersionDate "2013.11.20"]
[SourceQuality "1"]

1. d4 Nf6 2. c4 g6 3. Nc3 d5 4. Nf3 Bg7 5. h4 dxc4 6. e4 c5 7. d5 b5 8. h5 Nxh5 9. Nxb5 Qa5+ 10. Nc3 Bg4 11. Qa4+ Qxa4 12. Nxa4 Bxf3 13. gxf3 Nd7 14. Bxc4 Rb8 15. Be3 0-0 16. Rb1 Be5 17. Rh4 Bf6 18. Rh1 Bd4 19. Kd2 Kh8 20. f4 e5 21. fxe5 Nxe5 22. Be2 Nf6 23. f3 Rfc8 24. Rhc1 Ned7 25. Bxd4 cxd4 26. Rxc8+ Rxc8 27. Kd3 h5 28. Kxd4 Kg7 29. Bb5 Rb8 30. Nc3 Nb6 31. a4 h4 32. a5 Nc8 33. e5 Nh5 34. d6 f6 35. d7 Ne7 36. e6 Nf4 37. Bc4 h3 38. Ke3 g5 39. Ne2 Nfg6 40. Rd1 Nc6 41. Ng3 Nge7 42. Bd3 Rb3 43. Nh5+ Kf8 44. Rd2 Ng6 45. Kf2 h2 46. Ng3 Nge5 47. Be4 Ke7 48. Bxc6 Nxc6 49. Kg2 Kxe6 50. Kxh2 f5 51. Nxf5 Kxf5 52. d8Q Nxd8 53. Rxd8 Rxb2+ 54. Kg3 Rb5 55. a6 Ra5 56. Rd6 Ra3 57. Rd5+ Kg6 58. Rd6+ Kh5 59. Rc6 1/2-1/2

[Event "COL-ch"]
[Site "Ibague"]
[Date "2013.07.01"]
[Round "1"]
[White "Marin, Diego Alejandro"]
[Black "Castro, Alexander"]
[Result "1/2-1/2"]
[WhiteElo "1923"]
[BlackElo "2142"]
[PlyCount "49"]
[EventDate "2013.07.01"]
[EventType "swiss"]
[EventRounds "11"]
[EventCountry "COL"]
[SourceTitle "EXT 2014"]
[Source "ChessBase"]
[SourceDate "2013.11.20"]
[SourceVersion "1"]
[SourceVersionDate "2013.11.20"]
[SourceQuality "1"]

1. e4 d6 2. d4 Nf6 3. Nc3 g6 4. f3 c6 5. Be3 b5 6. Qd2 Nbd7 7. d5 cxd5 8. Nxd5 Bg7 9. Nxf6+ Bxf6 10. Bd4 0-0 11. Bxf6 Nxf6 12. 0-0-0 Be6 13. Bxb5 Qb6 14. Ba4 Rfc8 15. Qd4 Qa5 16. Bb3 Bxb3 17. axb3 Rab8 18. Kb1 Rb4 19. Qd3 Rb6 20. Ne2 Ra6 21. c3 Nd7 22. Qd5 Nc5 23. Nc1 Qa1+ 24. Kc2 e6 25. Qd4 1/2-1/2

[Event "Valle Region-ch"]
[Site "Cali"]
[Date "2013.06.30"]
[Round "5.3"]
[White "Vargas, Luis Eduardo1111"]
[Black "Castro, Alexander"]
[Result "0-1"]
[WhiteElo "1600"]
[BlackElo "2131"]
[PlyCount "64"]
[EventDate "2013.06.28"]
[EventType "swiss"]
[EventRounds "5"]
[EventCountry "COL"]
[SourceTitle "EXT 2024"]
[Source "ChessBase"]
[SourceDate "2023.10.10"]
[SourceVersion "1"]
[SourceVersionDate "2023.10.10"]
[SourceQuality "1"]

1. e4 c5 2. Nc3 e6 3. Nf3 Nc6 4. Bb5 Nge7 5. 0-0 a6 6. Bd3 Ng6 7. g3 Be7 8. b3 d5 9. Re1 d4 10. Na4 e5 11. Bf1 0-0 12. Nb2 f5 13. d3 fxe4 14. dxe4 Bg4 15. Bg2 d3 16. Re3 Nd4 17. cxd3 Bg5 18. h3 Bxe3 19. hxg4 Nxf3+ 20. Bxf3 Bd4 21. Rb1 Qa5 22. Be3 Rad8 23. Bxd4 Rxd4 24. a4 Qc3 25. Kg2 Rfd8 26. Be2 Rxe4 27. Bf3 Rb4 28. g5 e4 29. Bg4 exd3 30. Be6+ Kh8 31. Qh5 Rh4 32. gxh4 Nf4+ 0-1

[Event "Valle Region-ch"]
[Site "Cali"]
[Date "2013.06.29"]
[Round "4.2"]
[White "Castro, Alexander"]
[Black "Chavarro, Hugo"]
[Result "0-1"]
[WhiteElo "2131"]
[BlackElo "2296"]
[PlyCount "152"]
[EventDate "2013.06.28"]
[EventType "swiss"]
[EventRounds "5"]
[EventCountry "COL"]
[SourceTitle "EXT 2024"]
[Source "ChessBase"]
[SourceDate "2023.10.10"]
[SourceVersion "1"]
[SourceVersionDate "2023.10.10"]
[SourceQuality "1"]

1. d4 Nf6 2. Nf3 e6 3. Bg5 d5 4. c4 Be7 5. Nc3 0-0 6. e3 h6 7. Bxf6 Bxf6 8. Qc2 b6 9. cxd5 exd5 10. Bd3 Bb7 11. 0-0 Nd7 12. b4 c6 13. Qb3 Rc8 14. a4 Re8 15. a5 Re7 16. b5 Nf8 17. axb6 axb6 18. bxc6 Bxc6 19. Rfb1 Rb8 20. Ra6 Reb7 21. Bb5 Rc7 22. Bxc6 Qc8 23. Nxd5 Rxc6 24. Nxf6+ Rxf6 25. Ra7 Ng6 26. Ne5 Qf5 27. f4 Rc8 28. Qd3 Qh5 29. Rba1 Nxe5 30. dxe5 Rfc6 31. Ra8 Qg4 32. Qe4 Rc5 33. Qb7 Rxa8 34. Qxa8+ Kh7 35. Qe4+ g6 36. h3 Qe2 37. e6 Rc4 38. Qe5 Rc5 39. Qe4 Rc4 40. Qe5 Rc5 41. Qf6 Qxe3+ 42. Kh2 Qxe6 43. Qd8 Rc8 44. Qd4 Rc4 45. Qd8 Qe3 46. Qd7 Qxf4+ 47. Kh1 Rc1+ 48. Rxc1 Qxc1+ 49. Kh2 Qf4+ 50. Kh1 Kg7 51. Qb5 Qc1+ 52. Kh2 Qc5 53. Qb2+ Kg8 54. Qd2 b5 55. Qxh6 b4 56. Qf4 Qc3 57. h4 b3 58. h5 b2 59. hxg6 fxg6 60. Qe4 Qc7+ 61. g3 Kh8 62. Qd4+ Qg7 63. Qd8+ Kh7 64. Qb6 Qh6+ 65. Kg2 Qd2+ 66. Kh3 Qd7+ 67. Kh4 Qe7+ 68. Kh3 Qe5 69. Qb7+ Kh6 70. Kg2 Qe2+ 71. Kh3 Qc2 72. Qb8 Qf5+ 73. Kg2 Qe4+ 74. Kh3 b1Q 75. Qf8+ Kg5 76. Qd8+ Kf5 0-1

[Event "Dosquebrad op"]
[Site "Dosquebrad"]
[Date "2013.06.21"]
[Round "5"]
[White "Castro, Alexander"]
[Black "Garces Trujillo, Luis Javier"]
[Result "1-0"]
[WhiteElo "2131"]
[BlackElo "2002"]
[PlyCount "69"]
[EventDate "2013.06.19"]
[EventType "swiss"]
[EventRounds "7"]
[EventCountry "COL"]
[SourceTitle "CBM 155 Extra"]
[Source "ChessBase"]
[SourceDate "2013.08.26"]
[SourceVersion "1"]
[SourceVersionDate "2013.08.26"]
[SourceQuality "1"]

1. c4 Nf6 2. g3 d5 3. cxd5 Nxd5 4. Bg2 g6 5. Qb3 c6 6. Nc3 Nc7 7. h4 h6 8. Nf3 Bg7 9. d4 Ne6 10. Be3 Nd7 11. Rd1 Nf6 12. Ne5 Qc7 13. Bh3 Qb6 14. Qc4 Nd5 15. Nxd5 cxd5 16. Qxd5 0-0 17. Qb3 Qxb3 18. axb3 Rd8 19. Bg2 Rb8 20. 0-0 Bd7 21. Nxd7 Rxd7 22. d5 Rbd8 23. Bxa7 Nc7 24. e4 Bxb2 25. Bb6 Ra8 26. Bh3 f5 27. Bxc7 Rxc7 28. exf5 Rc2 29. d6 exd6 30. Rxd6 Ra2 31. f6 Ba3 32. Be6+ Kh8 33. b4 Rab2 34. Rd8+ Kh7 35. Bg8+ 1-0